000 00385nam a2200145Ia 4500
008 230312s9999||||xx |||||||||||||| ||und||
020 _a9788131705056
082 _a006.6
_bFOL-C
100 _aGaler,Mark
245 0 _aAdobe Photoshop elements 9 Adobe Photoshop elements 9
260 _bPearson
_aIndia
_c1996
300 _a1158
650 _aComputer
_vComputer Graphics
942 _cBK
999 _c17316
_d17316